Studia Oecologica

Guardado en:
Detalles Bibliográficos
Formato: Seriadas
Lenguaje:checo
inglés
Publicado: Ústí nad Labem Univerzita J.E. Purkyně v Ústí nad Labem
Materias:
Etiquetas: Agregar Etiqueta
Sin Etiquetas, Sea el primero en etiquetar este registro!

MARC

LEADER 00000nas1a2200000 4500
001 0288177
005 20240417080451.7
022 |a 1802-212X 
041 0 |a cze 
041 0 |a eng 
044 |a CZ 
245 1 0 |a Studia Oecologica 
264 1 |a Ústí nad Labem  |b Univerzita J.E. Purkyně v Ústí nad Labem 
610 2 0 |a prostredie životné 
610 2 0 |a environmentalistika 
610 2 0 |a ekológia 
610 2 0 |a inovácie environmentálne